[Event "Schleswig Holstein-ch Seniors op 11th"]
[Site "Buesum"]
[Date "2017.09.12"]
[Round "5"]
[White "Van den Berg, Ad"]
[Black "Walther, Reinhard"]
[Result "1-0"]
[WhiteElo "2237"]
[BlackElo "2051"]
[PlyCount "72"]
[EventDate "2017.09.08"]
[EventType "swiss"]
[EventRounds "9"]
[EventCountry "GER"]
[SourceTitle "EXT 2019"]
[Source "ChessBase"]
[SourceDate "2018.10.10"]
[SourceVersion "1"]
[SourceVersionDate "2018.10.10"]
[SourceQuality "1"]

1. c4 c5 2. Nf3 Nc6 3. Nc3 g6 4. d4 cxd4 5. Nxd4 Bg7 6. Nb3 d6 7. g3 Be6 8. Nd5 Rc8 9. f4 Qd7 10. h3 Bxd5 11. cxd5 Nb4 12. Kf2 Nf6 13. Bg2 Qb5 14. Nd4 Qb6 15. Be3 Nbxd5 16. Qa4+ Kf8 17. Ne6+ fxe6 18. Bxb6 axb6 19. Bxd5 Nxd5 20. Rac1 Kf7 21. e4 Ra8 22. Qb3 Bd4+ 23. Kf3 Nf6 24. Rcd1 Bc5 25. f5 gxf5 26. exf5 d5 27. fxe6+ Kxe6 28. Rhe1+ Kd6 29. g4 Rhf8 30. Kg2 Rab8 31. Kh1 h5 32. gxh5 Rbd8 33. Qf3 Kc7 34. a3 Kb8 35. b4 Bd6 36. Rg1 Ne4 1-0

[Event "Vlissingen HZ op 20th"]
[Site "Vlissingen"]
[Date "2016.08.08"]
[Round "4"]
[White "Van Baar, Esper"]
[Black "Van den Berg, Ad"]
[Result "1/2-1/2"]
[WhiteElo "2028"]
[BlackElo "2203"]
[PlyCount "43"]
[EventDate "2016.08.06"]
[EventType "swiss"]
[EventRounds "9"]
[EventCountry "NED"]
[SourceTitle "CBM 173 Extra"]
[Source "ChessBase"]
[SourceDate "2016.08.29"]
[SourceVersion "1"]
[SourceVersionDate "2016.08.29"]
[SourceQuality "1"]

1. e4 c5 2. Nf3 Nc6 3. Bb5 e6 4. 0-0 Nge7 5. c3 a6 6. Bxc6 Nxc6 7. d4 d5 8. exd5 Qxd5 9. dxc5 Qxd1 10. Rxd1 Bxc5 11. Nbd2 0-0 12. Nc4 b5 13. Be3 Bxe3 14. Nxe3 Rb8 15. Rd6 Bb7 16. Rad1 Rfd8 17. Rd7 h6 18. Kf1 Kf8 19. Rc7 Rxd1+ 20. Nxd1 Nd8 21. Ne5 Ke8 22. c4 1/2-1/2

[Event "Vlissingen HZ op 19th"]
[Site "Vlissingen"]
[Date "2015.08.06"]
[Round "7"]
[White "Delaere, Koen"]
[Black "Van den Berg, Ad"]
[Result "0-1"]
[WhiteElo "1924"]
[BlackElo "2225"]
[PlyCount "76"]
[EventDate "2015.08.01"]
[EventType "swiss"]
[EventRounds "9"]
[EventCountry "NED"]
[SourceTitle "CBM 167 Extra"]
[Source "ChessBase"]
[SourceDate "2015.09.14"]
[SourceVersion "1"]
[SourceVersionDate "2015.09.14"]
[SourceQuality "1"]

1. c4 e5 2. g3 d6 3. Bg2 c6 4. Nc3 Be6 5. d3 Nf6 6. Nf3 h6 7. 0-0 Be7 8. a3 0-0 9. b4 Nbd7 10. b5 d5 11. bxc6 bxc6 12. cxd5 cxd5 13. a4 Bb4 14. Na2 Bd6 15. Nc3 a6 16. Ba3 Bxa3 17. Rxa3 Qa5 18. Qa1 d4 19. Nb1 Rac8 20. Nbd2 Rc2 21. Rc1 Rxd2 22. Nxd2 Qxd2 23. Kf1 Rb8 24. Rc6 a5 25. Qc1 Qb4 26. Ra1 Kh7 27. h3 g6 28. Kg1 Kg7 29. Kh2 Bd5 30. Bxd5 Nxd5 31. e3 dxe3 32. Rc2 exf2 33. Rxf2 Qd4 34. Qf1 Rb2 35. Ra2 Qxf2+ 36. Qxf2 Rxf2+ 37. Rxf2 Nc5 38. d4 exd4 0-1

[Event "Vlissingen HZ op 19th"]
[Site "Vlissingen"]
[Date "2015.08.03"]
[Round "4"]
[White "Van den Berg, Ad"]
[Black "Dijkstra, Arjan"]
[Result "1/2-1/2"]
[WhiteElo "2225"]
[BlackElo "2051"]
[PlyCount "29"]
[EventDate "2015.08.01"]
[EventType "swiss"]
[EventRounds "9"]
[EventCountry "NED"]
[SourceTitle "CBM 167 Extra"]
[Source "ChessBase"]
[SourceDate "2015.09.14"]
[SourceVersion "1"]
[SourceVersionDate "2015.09.14"]
[SourceQuality "1"]

1. e4 c6 2. Nc3 d5 3. Qf3 dxe4 4. Nxe4 Nf6 5. Bc4 Nbd7 6. Nxf6+ Nxf6 7. Ne2 Qc7 8. d4 Bg4 9. Qb3 e6 10. Bf4 Bd6 11. Bxd6 Qxd6 12. f3 Bf5 13. 0-0-0 b5 14. Bd3 Bxd3 15. Qxd3 1/2-1/2

[Event "Hessen-ch Seniors op 11th"]
[Site "Bad Sooden-Allendorf"]
[Date "2015.05.17"]
[Round "9"]
[White "Van den Berg, Ad"]
[Black "Liebert, Heinz"]
[Result "1/2-1/2"]
[WhiteElo "2200"]
[BlackElo "2213"]
[PlyCount "34"]
[EventDate "2015.05.09"]
[EventType "swiss"]
[EventRounds "9"]
[EventCountry "GER"]
[SourceTitle "EXT 2018"]
[Source "ChessBase"]
[SourceDate "2017.10.13"]
[SourceVersion "1"]
[SourceVersionDate "2017.10.13"]
[SourceQuality "1"]

1. Nf3 Nf6 2. c4 c5 3. d4 cxd4 4. Nxd4 Nc6 5. g3 g6 6. Bg2 Bg7 7. 0-0 0-0 8. Nc3 Nxd4 9. Qxd4 d6 10. Qd3 Qa5 11. h3 Be6 12. Bd2 Nd7 13. Nd5 Qd8 14. Qa3 Nb6 15. Rac1 Qd7 16. Kh2 Bxd5 17. cxd5 Qb5 1/2-1/2

[Event "Hessen-ch Seniors op 11th"]
[Site "Bad Sooden-Allendorf"]
[Date "2015.05.12"]
[Round "4"]
[White "Selig, Rainer"]
[Black "Van den Berg, Ad"]
[Result "1-0"]
[WhiteElo "2103"]
[BlackElo "2200"]
[PlyCount "77"]
[EventDate "2015.05.09"]
[EventType "swiss"]
[EventRounds "9"]
[EventCountry "GER"]
[SourceTitle "EXT 2018"]
[Source "ChessBase"]
[SourceDate "2017.10.13"]
[SourceVersion "1"]
[SourceVersionDate "2017.10.13"]
[SourceQuality "1"]

1. d4 d6 2. Nf3 g6 3. e4 Bg7 4. Be2 Nf6 5. Nc3 0-0 6. 0-0 a6 7. h3 b5 8. Bd3 Bb7 9. Re1 c5 10. dxc5 dxc5 11. e5 Nd5 12. Nxd5 Bxd5 13. Bf4 Nc6 14. Be4 Bxe4 15. Rxe4 Qxd1+ 16. Rxd1 Rfd8 17. Ree1 Nb4 18. Rd2 Rxd2 19. Bxd2 Nxc2 20. Rc1 Nb4 21. Bxb4 cxb4 22. Rc7 Kf8 23. Kf1 Ke8 24. Ke2 h6 25. b3 Kd8 26. Rc5 Rc8 27. Rxc8+ Kxc8 28. Kd3 Kd7 29. Ke4 Kc6 30. Nd4+ Kc5 31. f4 f5+ 32. Kd3 Kd5 33. Nc2 a5 34. Nd4 g5 35. Nxf5 Bf8 36. Ne3+ Ke6 37. g3 gxf4 38. gxf4 h5 39. Ke4 1-0

[Event "Hessen-ch Seniors op 11th"]
[Site "Bad Sooden-Allendorf"]
[Date "2015.05.10"]
[Round "2"]
[White "Mann, Klaus Dieter"]
[Black "Van den Berg, Ad"]
[Result "0-1"]
[WhiteElo "2108"]
[BlackElo "2200"]
[PlyCount "70"]
[EventDate "2015.05.09"]
[EventType "swiss"]
[EventRounds "9"]
[EventCountry "GER"]
[SourceTitle "EXT 2018"]
[Source "ChessBase"]
[SourceDate "2017.10.13"]
[SourceVersion "1"]
[SourceVersionDate "2017.10.13"]
[SourceQuality "1"]

1. c4 e5 2. g3 d6 3. Bg2 c6 4. Nc3 Be6 5. d3 Nf6 6. Nf3 h6 7. 0-0 Be7 8. h3 Nbd7 9. e4 0-0 10. Qe2 c5 11. Ne1 Re8 12. f4 exf4 13. gxf4 Nf8 14. Nf3 Bd7 15. Bd2 Nh5 16. Qf2 Ng6 17. Nd5 f5 18. Rae1 fxe4 19. dxe4 Bc6 20. Nxe7+ Qxe7 21. Nh2 Rf8 22. Bf3 Nhxf4 23. Qg3 Qg5 24. Qxg5 Nxh3+ 25. Kg2 Nxg5 26. Bxg5 hxg5 27. Kg3 Ne5 28. b3 b5 29. cxb5 Bxb5 30. Rg1 Rf6 31. Re3 Bd7 32. Rge1 a5 33. R1e2 a4 34. bxa4 Rxa4 35. Rc3 Be6 0-1

[Event "Hessen-ch Seniors op 11th"]
[Site "Bad Sooden-Allendorf"]
[Date "2015.05.09"]
[Round "1"]
[White "Van den Berg, Ad"]
[Black "Huhn, Ulrich"]
[Result "1-0"]
[WhiteElo "2200"]
[BlackElo "1901"]
[PlyCount "51"]
[EventDate "2015.05.09"]
[EventType "swiss"]
[EventRounds "9"]
[EventCountry "GER"]
[SourceTitle "EXT 2018"]
[Source "ChessBase"]
[SourceDate "2017.10.13"]
[SourceVersion "1"]
[SourceVersionDate "2017.10.13"]
[SourceQuality "1"]

1. e4 d5 2. Nc3 c6 3. d4 dxe4 4. Nxe4 Bf5 5. Ng3 Bg6 6. N1e2 e6 7. Nf4 Bd6 8. Ngh5 Bxf4 9. Nxf4 Ne7 10. h4 h6 11. Nxg6 Nxg6 12. h5 Ne7 13. c3 Qb6 14. Qg4 Rg8 15. a4 a5 16. Bd3 Nd7 17. Qe2 Nf6 18. Bf4 0-0-0 19. g4 Ned5 20. Bg3 Nxg4 21. Qxg4 Qxb2 22. 0-0 Qxc3 23. Bh7 Nf6 24. Qf4 Nd5 25. Qb8+ Kd7 26. Qxb7+ 1-0

[Event "Vlissingen HZ op 18th"]
[Site "Vlissingen"]
[Date "2014.08.04"]
[Round "4"]
[White "Van den Berg, Ad"]
[Black "Van Houtte, Randy"]
[Result "1-0"]
[WhiteElo "2235"]
[BlackElo "1967"]
[PlyCount "79"]
[EventDate "2014.08.02"]
[EventType "swiss"]
[EventRounds "9"]
[EventCountry "NED"]
[SourceTitle "CBM 161 Extra"]
[Source "ChessBase"]
[SourceDate "2014.08.29"]
[SourceVersion "1"]
[SourceVersionDate "2014.08.29"]
[SourceQuality "1"]

1. e4 g6 2. d4 Bg7 3. c4 d6 4. Nc3 Nf6 5. Nf3 0-0 6. Be3 c6 7. Be2 Nbd7 8. h3 e5 9. d5 cxd5 10. cxd5 Qa5 11. Nd2 a6 12. 0-0 b5 13. a3 Bb7 14. b4 Qd8 15. a4 Rc8 16. Qb3 bxa4 17. Nxa4 Qc7 18. Ra2 Nh5 19. g3 f5 20. exf5 Nhf6 21. Nc5 Nxc5 22. bxc5 Bxd5 23. Bc4 Bxc4 24. Nxc4 d5 25. Nb6 Rcd8 26. fxg6 hxg6 27. Rd1 Qf7 28. Rxa6 d4 29. Qxf7+ Rxf7 30. Bg5 Re8 31. Nc4 Ne4 32. Nd6 Nxd6 33. Rxd6 Kh7 34. c6 Bf8 35. Rd7 Kg8 36. Rb1 Rc8 37. Rbb7 Rf5 38. c7 Rxg5 39. g4 e4 40. Rd8 1-0

[Event "Vlissingen HZ op 18th"]
[Site "Vlissingen"]
[Date "2014.08.02"]
[Round "1"]
[White "Van den Berg, Ad"]
[Black "Jonkheer, Alex"]
[Result "1-0"]
[WhiteElo "2235"]
[BlackElo "1800"]
[PlyCount "47"]
[EventDate "2014.08.02"]
[EventType "swiss"]
[EventRounds "9"]
[EventCountry "NED"]
[SourceTitle "CBM 161 Extra"]
[Source "ChessBase"]
[SourceDate "2014.08.29"]
[SourceVersion "1"]
[SourceVersionDate "2014.08.29"]
[SourceQuality "1"]

1. e4 e6 2. d4 d5 3. Nc3 Nf6 4. e5 Nfd7 5. f4 c5 6. Nf3 Nc6 7. Be3 cxd4 8. Nxd4 a6 9. Qd2 Nxd4 10. Bxd4 Qc7 11. 0-0-0 Nb6 12. Qf2 Nc4 13. Bd3 Bd7 14. Rhe1 Rc8 15. f5 Qa5 16. fxe6 Bxe6 17. Bxc4 Rxc4 18. Bb6 Qb4 19. a3 Qe7 20. Nxd5 Qg5+ 21. Kb1 Bxd5 22. Rxd5 Rf4 23. Qd2 Be7 24. Be3 1-0

[Event "Hessen-ch Seniors op 10th"]
[Site "Bad Sooden-Allendorf"]
[Date "2014.05.03"]
[Round "8"]
[White "Vogel, Jaap"]
[Black "Van den Berg, Ad"]
[Result "0-1"]
[WhiteElo "2202"]
[BlackElo "2207"]
[PlyCount "42"]
[EventDate "2014.04.26"]
[EventType "swiss"]
[EventRounds "9"]
[EventCountry "GER"]
[SourceTitle "EXT 2018"]
[Source "ChessBase"]
[SourceDate "2017.10.13"]
[SourceVersion "1"]
[SourceVersionDate "2017.10.13"]
[SourceQuality "1"]

1. d4 Nf6 2. Nf3 g6 3. g3 Bg7 4. Bg2 0-0 5. 0-0 d6 6. c4 Bg4 7. Nc3 Qc8 8. Bg5 Re8 9. Qb3 Nc6 10. Rad1 Nd7 11. Be3 e5 12. dxe5 Bxf3 13. Bxf3 Ndxe5 14. Bd5 Rb8 15. Qa4 a6 16. c5 dxc5 17. Bxc5 b5 18. Qh4 Nd8 19. Ba7 b4 20. Ne4 Rb5 21. Bc4 Nxc4 0-1

[Event "Hessen-ch Seniors op 10th"]
[Site "Bad Sooden-Allendorf"]
[Date "2014.05.02"]
[Round "7"]
[White "Van den Berg, Ad"]
[Black "Piankov, Evgenij"]
[Result "1-0"]
[WhiteElo "2207"]
[BlackElo "2262"]
[PlyCount "107"]
[EventDate "2014.04.26"]
[EventType "swiss"]
[EventRounds "9"]
[EventCountry "GER"]
[SourceTitle "EXT 2018"]
[Source "ChessBase"]
[SourceDate "2017.10.13"]
[SourceVersion "1"]
[SourceVersionDate "2017.10.13"]
[SourceQuality "1"]

1. c4 Nf6 2. Nc3 d5 3. cxd5 Nxd5 4. Nf3 c5 5. e4 Nxc3 6. dxc3 Qxd1+ 7. Kxd1 Bg4 8. Be3 Nd7 9. Kc2 e6 10. Nd2 Be7 11. h4 Bh5 12. Bc4 a6 13. a4 Ne5 14. f3 h6 15. a5 0-0 16. Be2 f5 17. exf5 exf5 18. Nc4 Nc6 19. Bf4 Rad8 20. Rae1 Bf7 21. b3 Kh8 22. Ne5 Nxe5 23. Bxe5 Bd6 24. Bc4 Kh7 25. h5 Bxc4 26. bxc4 Rf7 27. Rd1 Rfd7 28. Bxd6 Rxd6 29. Rxd6 Rxd6 30. Re1 g6 31. Re7+ Kg8 32. Rxb7 Re6 33. Kd2 gxh5 34. Rb6 Kf7 35. f4 Rg6 36. Ke3 Rxg2 37. Rxa6 h4 38. Rxh6 Ra2 39. Rxh4 Rxa5 40. Rh7+ Ke6 41. Rh6+ Ke7 42. Rc6 Kf7 43. Kf2 Ra3 44. Rxc5 Kf6 45. Rc6+ Ke7 46. Ke3 Rxc3+ 47. Kd4 Rc1 48. Ke5 Kd7 49. Rc5 Rh1 50. Rd5+ Kc6 51. Kxf5 Rc1 52. Rd4 Kc5 53. Re4 Kd6 54. Kf6 1-0

[Event "Hessen-ch Seniors op 10th"]
[Site "Bad Sooden-Allendorf"]
[Date "2014.05.01"]
[Round "6"]
[White "Haubt, Georg"]
[Black "Van den Berg, Ad"]
[Result "1/2-1/2"]
[WhiteElo "2206"]
[BlackElo "2207"]
[PlyCount "108"]
[EventDate "2014.04.26"]
[EventType "swiss"]
[EventRounds "9"]
[EventCountry "GER"]
[SourceTitle "EXT 2018"]
[Source "ChessBase"]
[SourceDate "2017.10.13"]
[SourceVersion "1"]
[SourceVersionDate "2017.10.13"]
[SourceQuality "1"]

1. e4 c5 2. d3 e6 3. g3 d5 4. Nc3 Nf6 5. Bg2 dxe4 6. Nxe4 Nxe4 7. Bxe4 Nd7 8. Bd2 Be7 9. Bg2 Bf6 10. Rb1 Rb8 11. b4 b6 12. bxc5 Nxc5 13. Bb4 Be7 14. d4 Nd7 15. Nf3 0-0 16. Qe2 Bb7 17. 0-0 Bxb4 18. Rxb4 Qe7 19. Rb3 Rbc8 20. c4 Qd8 21. Ra3 a5 22. Rc1 h6 23. Qb2 Ba6 24. Rac3 Qe7 25. Nd2 e5 26. Re3 f6 27. f4 Rce8 28. Bd5+ Kh8 29. Nf3 Qd6 30. Nh4 exf4 31. Ng6+ Kh7 32. Nxf8+ Rxf8 33. Re6 Qc7 34. Re7 fxg3 35. Rf1 f5 36. Qc2 Kh8 37. Rxf5 gxh2+ 38. Kg2 Qd8 39. Rxd7 h1Q+ 40. Kxh1 Qh4+ 41. Kg1 Qg4+ 42. Qg2 Qxd4+ 43. Kh2 Qh4+ 44. Qh3 Qxh3+ 45. Kxh3 Rxf5 46. Rd8+ Kh7 47. Be4 g6 48. Rd7+ Kg8 49. Bxf5 gxf5 50. Rc7 Kf8 51. Rc6 Ke7 52. c5 Bf1+ 53. Kg3 b5 54. Ra6 Kd7 1/2-1/2

[Event "Hessen-ch Seniors op 10th"]
[Site "Bad Sooden-Allendorf"]
[Date "2014.04.29"]
[Round "4"]
[White "Skorna, Ullrich"]
[Black "Van den Berg, Ad"]
[Result "0-1"]
[WhiteElo "2144"]
[BlackElo "2207"]
[PlyCount "82"]
[EventDate "2014.04.26"]
[EventType "swiss"]
[EventRounds "9"]
[EventCountry "GER"]
[SourceTitle "EXT 2018"]
[Source "ChessBase"]
[SourceDate "2017.10.13"]
[SourceVersion "1"]
[SourceVersionDate "2017.10.13"]
[SourceQuality "1"]

1. e4 c5 2. b3 b6 3. Bb2 Bb7 4. Qe2 Nf6 5. Bxf6 exf6 6. Nc3 Nc6 7. Nf3 Bd6 8. g3 0-0 9. Bh3 Re8 10. 0-0 Nd4 11. Qd3 Ba6 12. Qxa6 Nxf3+ 13. Kg2 Ng5 14. Qd3 Be5 15. Bxd7 Re7 16. Bc6 Rc8 17. Bd5 f5 18. Rae1 Rd7 19. f3 f4 20. Ne2 Qf6 21. gxf4 Bxf4 22. Nxf4 Qxf4 23. Qe3 Qh4 24. f4 Ne6 25. c3 Nc7 26. c4 Rd6 27. f5 Rh6 28. Qg3 Qd8 29. Kh1 Nxd5 30. Rg1 g6 31. cxd5 c4 32. Rc1 cxb3 33. Qg5 Rh3 34. fxg6 hxg6 35. Qg4 Rxc1 36. Rxc1 b2 37. Rb1 Rh4 38. Qg2 Qf6 39. d3 Rf4 40. Kg1 Qd4+ 41. Kh1 Qxd3 0-1

[Event "Hessen-ch Seniors op 10th"]
[Site "Bad Sooden-Allendorf"]
[Date "2014.04.27"]
[Round "2"]
[White "Liphardt, Bodo"]
[Black "Van den Berg, Ad"]
[Result "0-1"]
[WhiteElo "1905"]
[BlackElo "2207"]
[PlyCount "46"]
[EventDate "2014.04.26"]
[EventType "swiss"]
[EventRounds "9"]
[EventCountry "GER"]
[SourceTitle "EXT 2018"]
[Source "ChessBase"]
[SourceDate "2017.10.13"]
[SourceVersion "1"]
[SourceVersionDate "2017.10.13"]
[SourceQuality "1"]

1. e4 c5 2. Nc3 e6 3. f4 Nc6 4. Nf3 d5 5. Bb5 d4 6. Ne2 Nf6 7. d3 Qa5+ 8. Nc3 dxc3 9. Bxc6+ bxc6 10. bxc3 Qxc3+ 11. Bd2 Qa3 12. Ne5 Qa6 13. 0-0 c4 14. Nxf7 Kxf7 15. e5 Nd5 16. f5 exf5 17. dxc4 Qxc4 18. Rb1 g6 19. e6+ Bxe6 20. Rb7+ Be7 21. Bg5 Rab8 22. Qa1 Rxb7 23. Qxh8 Bc5+ 0-1

[Event "Hessen-ch Seniors op 10th"]
[Site "Bad Sooden-Allendorf"]
[Date "2014.04.26"]
[Round "1"]
[White "Van den Berg, Ad"]
[Black "Fleischer, Matthias"]
[Result "1-0"]
[WhiteElo "2207"]
[BlackElo "1932"]
[PlyCount "80"]
[EventDate "2014.04.26"]
[EventType "swiss"]
[EventRounds "9"]
[EventCountry "GER"]
[SourceTitle "EXT 2018"]
[Source "ChessBase"]
[SourceDate "2017.10.13"]
[SourceVersion "1"]
[SourceVersionDate "2017.10.13"]
[SourceQuality "1"]

1. e4 d6 2. d4 Nf6 3. Nc3 g6 4. Be3 Bg7 5. Qd2 0-0 6. f3 c6 7. 0-0-0 b5 8. g4 b4 9. Nce2 a5 10. Bh6 Nbd7 11. h4 Re8 12. h5 Nf8 13. hxg6 fxg6 14. Bxg7 Kxg7 15. Qh6+ Kg8 16. Nf4 Ba6 17. g5 Nh5 18. Nxh5 gxh5 19. Ne2 e6 20. Nf4 Bxf1 21. Nxh5 Re7 22. Nf6+ Kh8 23. Rhxf1 Ng6 24. Rh1 Nf8 25. g6 Raa7 26. e5 Rg7 27. Rdg1 c5 28. gxh7 Qe7 29. exd6 Qf7 30. dxc5 Ng6 31. Qg5 b3 32. cxb3 a4 33. bxa4 Rxa4 34. d7 Qf8 35. Rd1 Qd8 36. Kb1 Ra8 37. c6 Rb8 38. b3 Qc7 39. Ne8 Rxb3+ 40. axb3 Qb6 1-0

[Event "Vlissingen HZ op 17th"]
[Site "Vlissingen"]
[Date "2013.08.08"]
[Round "7"]
[White "Van den Berg, Ad"]
[Black "Schouten, Jordy"]
[Result "1-0"]
[WhiteElo "2197"]
[BlackElo "1887"]
[PlyCount "109"]
[EventDate "2013.08.03"]
[EventType "swiss"]
[EventRounds "9"]
[EventCountry "NED"]
[SourceTitle "CBM 155 Extra"]
[Source "ChessBase"]
[SourceDate "2013.08.26"]
[SourceVersion "1"]
[SourceVersionDate "2013.08.26"]
[SourceQuality "1"]

1. c4 e5 2. Nc3 Nc6 3. Nf3 Nf6 4. d4 exd4 5. Nxd4 Bc5 6. Nxc6 bxc6 7. g3 d5 8. Bg2 Be6 9. Qa4 Qd7 10. Bg5 Ng4 11. 0-0 f6 12. Bf4 Rb8 13. cxd5 cxd5 14. Qxd7+ Kxd7 15. Rad1 Rxb2 16. Bc1 Rc2 17. Nxd5 Bd6 18. Nf4 Bxa2 19. Be4 Rc5 20. Ba3 Re5 21. Bf3 Nh6 22. Bxd6 cxd6 23. Ra1 Ra5 24. Rfd1 g5 25. Nd5 Rb8 26. Nxf6+ Ke6 27. Ne4 Rd5 28. Rxd5 Bxd5 29. Nxg5+ Kf5 30. Bxd5 Kxg5 31. Rxa7 Rb2 32. Bc4 Kf6 33. Rxh7 Ng4 34. Rf7+ Ke5 35. h3 Nh6 36. Re7+ Kd4 37. Bd3 Ng8 38. Rg7 Nf6 39. h4 d5 40. g4 Ke5 41. Kg2 d4 42. Rg5+ Kd6 43. h5 Rb8 44. f3 Ke7 45. Kg3 Rc8 46. Rg7+ Kf8 47. Ra7 Kg8 48. h6 Kh8 49. Rf7 Nd5 50. Rh7+ Kg8 51. Rd7 Nf6 52. Rxd4 Kh8 53. g5 Rg8 54. Kh4 Ne8 55. g6 1-0

[Event "Vlissingen HZ op 17th"]
[Site "Vlissingen"]
[Date "2013.08.07"]
[Round "6"]
[White "Roelofs, Rik"]
[Black "Van den Berg, Ad"]
[Result "0-1"]
[WhiteElo "1975"]
[BlackElo "2197"]
[PlyCount "82"]
[EventDate "2013.08.03"]
[EventType "swiss"]
[EventRounds "9"]
[EventCountry "NED"]
[SourceTitle "CBM 155 Extra"]
[Source "ChessBase"]
[SourceDate "2013.08.26"]
[SourceVersion "1"]
[SourceVersionDate "2013.08.26"]
[SourceQuality "1"]

1. e4 c5 2. Nf3 Nc6 3. d4 cxd4 4. Nxd4 g6 5. Be2 Bg7 6. Be3 Nf6 7. Nc3 0-0 8. 0-0 d5 9. exd5 Nb4 10. d6 Qxd6 11. Ndb5 Qxd1 12. Raxd1 Nc6 13. h3 Bd7 14. Nc7 Rac8 15. N7d5 Nxd5 16. Nxd5 Be6 17. c3 Rfd8 18. Bf3 Rd7 19. Nf4 Rxd1 20. Rxd1 Bxa2 21. Ra1 Bc4 22. Bxc6 bxc6 23. g3 e5 24. Ng2 a6 25. b3 Bxb3 26. Rxa6 h6 27. Rb6 Bd5 28. Kh2 g5 29. Rb4 Bf8 30. Ra4 f5 31. c4 Be4 32. f4 exf4 33. gxf4 Bd6 34. c5 Be7 35. Ra7 Kf8 36. fxg5 hxg5 37. h4 Rb8 38. Ra2 gxh4 39. Nf4 Rb1 40. Ng2 Kf7 41. Rf2 Bf6 0-1

[Event "Hessen-ch Seniors op 09th"]
[Site "Bad Sooden-Allendorf"]
[Date "2013.04.24"]
[Round "5"]
[White "Petzold, Hans"]
[Black "Van den Berg, Ad"]
[Result "0-1"]
[WhiteElo "2135"]
[BlackElo "2190"]
[PlyCount "108"]
[EventDate "2013.04.20"]
[EventType "swiss"]
[EventRounds "9"]
[EventCountry "GER"]
[SourceTitle "EXT 2019"]
[Source "ChessBase"]
[SourceDate "2018.10.10"]
[SourceVersion "1"]
[SourceVersionDate "2018.10.10"]
[SourceQuality "1"]

1. e4 c5 2. Nc3 e6 3. f4 a6 4. Nf3 d5 5. d3 b5 6. e5 Nc6 7. g3 Nh6 8. Bg2 Nf5 9. Ne2 h5 10. c3 Bb7 11. 0-0 h4 12. g4 h3 13. Bh1 Nh6 14. g5 Nf5 15. Ng3 Nce7 16. d4 Qb6 17. Nxf5 Nxf5 18. Qd3 b4 19. Be3 a5 20. Rfe1 Ba6 21. Qd2 g6 22. Bf2 Rb8 23. cxb4 axb4 24. Red1 Kd7 25. Rac1 c4 26. Ne1 Bb5 27. b3 c3 28. Qc2 Qa6 29. Bf3 Be7 30. Nd3 Bxd3 31. Rxd3 Qa3 32. Rdd1 Bd8 33. Be2 Bc7 34. Bd3 Ne7 35. Qe2 Qa5 36. Rc2 Ke8 37. Be3 Kf8 38. Qf1 Kg7 39. Kh1 Bb6 40. Qf2 Nc6 41. Be2 Ra8 42. Qf1 Qa7 43. Qf2 Qb7 44. Rg1 Ra5 45. Rd1 Qa7 46. Bf1 Ne7 47. Bd3 Ra8 48. Ra1 Ra3 49. f5 exf5 50. e6 fxe6 51. Re1 Rxa2 52. Rxa2 Qxa2 53. Bc2 Bc7 54. Bc1 Qa6 0-1

[Event "Hessen-ch Seniors op 09th"]
[Site "Bad Sooden-Allendorf"]
[Date "2013.04.23"]
[Round "4"]
[White "Van den Berg, Ad"]
[Black "Plischke, Berthold"]
[Result "1-0"]
[WhiteElo "2190"]
[BlackElo "2063"]
[PlyCount "99"]
[EventDate "2013.04.20"]
[EventType "swiss"]
[EventRounds "9"]
[EventCountry "GER"]
[SourceTitle "EXT 2019"]
[Source "ChessBase"]
[SourceDate "2018.10.10"]
[SourceVersion "1"]
[SourceVersionDate "2018.10.10"]
[SourceQuality "1"]

1. e4 e6 2. d3 d5 3. Nd2 Nc6 4. Ngf3 Nf6 5. g3 e5 6. Bg2 Be6 7. 0-0 Qd7 8. Ng5 Bg4 9. f3 Bh5 10. h4 h6 11. Nh3 dxe4 12. Nxe4 Nxe4 13. dxe4 Bc5+ 14. Kh2 Qxd1 15. Rxd1 Nd4 16. Be3 Bb6 17. Bxd4 exd4 18. Nf4 Bg6 19. a4 0-0-0 20. a5 Bc5 21. a6 Rhe8 22. axb7+ Kxb7 23. Bf1 Bh7 24. Ba6+ Kb8 25. Nh5 Bf8 26. Rd3 Re6 27. Nf4 Rb6 28. b3 f5 29. e5 Bb4 30. Bc4 Bc3 31. Rad1 Re8 32. Nd5 f4 33. Nxb6 Bxd3 34. Nd7+ Kc8 35. Bxd3 fxg3+ 36. Kxg3 Kxd7 37. Kf4 Re7 38. h5 c6 39. Ke4 Ke8 40. f4 Kd7 41. f5 Kc7 42. Rg1 Kb6 43. Rg6 Kc5 44. Re6 Rb7 45. Ba6 Rf7 46. Re8 Bd2 47. Rd8 Bc3 48. Bc4 Re7 49. Bd3 Bb2 50. e6 1-0

[Event "Hessen-ch Seniors op 09th"]
[Site "Bad Sooden-Allendorf"]
[Date "2013.04.20"]
[Round "1"]
[White "Geisler, Reinhard"]
[Black "Van den Berg, Ad"]
[Result "1/2-1/2"]
[WhiteElo "1925"]
[BlackElo "2190"]
[PlyCount "55"]
[EventDate "2013.04.20"]
[EventType "swiss"]
[EventRounds "9"]
[EventCountry "GER"]
[SourceTitle "EXT 2019"]
[Source "ChessBase"]
[SourceDate "2018.10.10"]
[SourceVersion "1"]
[SourceVersionDate "2018.10.10"]
[SourceQuality "1"]

1. Nf3 c5 2. c4 g6 3. g3 Bg7 4. Bg2 Nc6 5. Nc3 e5 6. 0-0 Nge7 7. Ne1 0-0 8. Nc2 d6 9. Ne3 f5 10. d3 h6 11. Ned5 g5 12. e3 Rb8 13. Rb1 a6 14. a3 b5 15. b4 cxb4 16. axb4 Be6 17. cxb5 axb5 18. Bd2 Nxd5 19. Bxd5 Bxd5 20. Nxd5 Kh8 21. Qb3 Qd7 22. f4 exf4 23. gxf4 g4 24. Rbc1 Rfc8 25. Bc3 Nd8 26. Nf6 Qe6 27. Nd5 Bxc3 28. Rxc3 1/2-1/2

[Event "Vlissingen HZ op 16th"]
[Site "Vlissingen"]
[Date "2012.08.09"]
[Round "7"]
[White "Van den Berg, Ad"]
[Black "De Clerck, Martijn"]
[Result "1-0"]
[WhiteElo "2225"]
[BlackElo "1977"]
[PlyCount "65"]
[EventDate "2012.08.04"]
[EventType "swiss"]
[EventRounds "9"]
[EventCountry "NED"]
[SourceTitle "CBM 149 Extra"]
[Source "ChessBase"]
[SourceDate "2012.08.24"]
[SourceVersion "1"]
[SourceVersionDate "2012.08.24"]
[SourceQuality "1"]

1. c4 Nf6 2. Nc3 e5 3. Nf3 d6 4. d4 e4 5. Ng5 d5 6. cxd5 Bf5 7. Qb3 Bd6 8. g4 Nxg4 9. Ncxe4 0-0 10. Bg2 Re8 11. Qf3 Bb4+ 12. Kf1 Qxd5 13. Nf6+ Nxf6 14. Qxd5 Nxd5 15. Bxd5 h6 16. Bxf7+ Kf8 17. Bxe8 Kxe8 18. a3 Ba5 19. b4 Bb6 20. Nf3 Bh3+ 21. Ke1 Bg2 22. Rg1 Bxf3 23. exf3 Bxd4 24. Ra2 Nc6 25. Be3 Bc3+ 26. Bd2 Bd4 27. Bxh6 Kf7 28. Be3 Re8 29. Ke2 Bc3 30. Rg4 Rh8 31. Rc2 Be5 32. h4 Nd8 33. Bd4 1-0